| 000 | 00686nam a22001457a 4500 | ||
|---|---|---|---|
| 082 | _a005.8,JAM | ||
| 100 |
_aJamali, Farhad Hussain (MSIS-12) _9121074 |
||
| 245 |
_aForensic Analysis of Windows 10 Metro UI Apps for User Privacy and Data Integrity Violations / _cFarhad Hussain Jamali |
||
| 264 |
_aRawalpindi _bMCS (NUST) _cAug, 2017 |
||
| 300 | _axiii, 63 p. | ||
| 505 | _aIntroduction (Pge-10, Literature Review (Page- Forensic Artefacts in Windows 10 (Page-14), forensic Analysis of Metro Ul App in Windows 10(Page-25), Forensic Analysis of Windows 10 Reset Feature (Page-52), Conclusion (Page-57). | ||
| 650 |
_aPG Thesis _935000 |
||
| 690 |
_aMSIS-12 _9121075 |
||
| 942 |
_2ddc _cTHE |
||
| 999 |
_c608015 _d608015 |
||